| 000 | 00533nam a2200205Ia 4500 | ||
|---|---|---|---|
| 005 | 20240203115447.0 | ||
| 008 | 131103s9999 xx 000 0 und d | ||
| 040 | _aLoreto College | ||
| 041 | _aEnglish | ||
| 082 |
_a370.15 _bCOL |
||
| 100 | _aCollins,V.M.E. | ||
| 245 |
_aApproach to Psychology, _cV.M.E.Collins |
||
| 260 |
_aLondon _bMethuen & Co. _c1953 |
||
| 300 | _aviii,130 p. | ||
| 504 | _aIncludes index and references | ||
| 650 | _aEducation | ||
| 651 | _aEducational Psychology | ||
| 850 | _aLCLIB | ||
| 942 | _cBK | ||
| 999 |
_c3458 _d53937 |
||